[Event "Penang op-A 5th"]
[Site "Penang"]
[Date "2013.12.11"]
[Round "4"]
[White "Lim, De Dao Linson"]
[Black "Hng, Mei En Emmanuelle"]
[Result "1-0"]
[WhiteElo "1815"]
[BlackElo "1678"]
[PlyCount "87"]
[EventDate "2013.12.09"]
[EventType "swiss"]
[EventRounds "9"]
[EventCountry "MAS"]
[SourceTitle "CBM 157 Extra"]
[Source "ChessBase"]
[SourceDate "2013.12.19"]
[SourceVersion "1"]
[SourceVersionDate "2013.12.19"]
[SourceQuality "1"]

1. e4 c5 2. Nf3 e6 3. d4 cxd4 4. Nxd4 a6 5. c4 Nf6 6. Nc3 Bb4 7. Bd3 Nc6 8. Nxc6 bxc6 9. 0-0 Qc7 10. Qf3 d5 11. exd5 cxd5 12. Bf4 Bd6 13. Bxd6 Qxd6 14. cxd5 0-0 15. dxe6 Bxe6 16. Ne4 Nxe4 17. Qxe4 g6 18. Rad1 Qb6 19. b3 Rad8 20. Bc4 Bf5 21. Qe2 Rfe8 22. Rxd8 Qxd8 23. Rd1 Qc8 24. Qd2 Qc6 25. h3 Qf6 26. Re1 Rd8 27. Qe2 Qc3 28. Bxf7+ Kg7 29. Bc4 Rd7 30. Bxa6 Ra7 31. Bc4 Qf6 32. a4 Qg5 33. Qe5+ Kh6 34. Qe3 Rb7 35. Qxg5+ Kxg5 36. g3 Bxh3 37. a5 Bg4 38. a6 Rc7 39. Ra1 Bf3 40. a7 Ba8 41. Bf1 Kf5 42. Bg2 Rc8 43. Bh3+ Ke5 44. Bxc8 1-0

[Event "Penang op-A 5th"]
[Site "Penang"]
[Date "2013.12.10"]
[Round "2"]
[White "Lim, De Dao Linson"]
[Black "Tin, Ruiqi"]
[Result "1/2-1/2"]
[WhiteElo "1815"]
[BlackElo "1600"]
[PlyCount "77"]
[EventDate "2013.12.09"]
[EventType "swiss"]
[EventRounds "9"]
[EventCountry "MAS"]
[SourceTitle "CBM 157 Extra"]
[Source "ChessBase"]
[SourceDate "2013.12.19"]
[SourceVersion "1"]
[SourceVersionDate "2013.12.19"]
[SourceQuality "1"]

1. e4 e5 2. Nf3 Nc6 3. Bc4 Bc5 4. b4 Bb6 5. c3 Nf6 6. d3 d6 7. Bg5 Be6 8. Nbd2 h6 9. Bh4 0-0 10. 0-0 Re8 11. Qb3 Bxc4 12. Nxc4 Nb8 13. d4 exd4 14. e5 dxe5 15. Ncxe5 Rf8 16. cxd4 Qd6 17. Nc4 Qf4 18. Nxb6 cxb6 19. d5 Nbd7 20. Bg3 Qf5 21. d6 Ne4 22. Nd4 Qf6 23. Qd5 Nxg3 24. hxg3 Rfe8 25. Rfe1 Rac8 26. Nf5 Rcd8 27. Ne7+ Kh8 28. Rad1 Nf8 29. Re3 Ng6 30. Nxg6+ fxg6 31. Rxe8+ Rxe8 32. d7 Rd8 33. Re1 Qf8 34. Qe6 Kh7 35. Qe8 Qf6 36. Re6 Qg5 37. Qf7 Qg4 38. f3 Qd4+ 39. Kh2 1/2-1/2